000
00277nam a2200109Ia 4500
008
220204s9999 xx 000 0 und d
082
_a
065
_b
CON
245
0
_a
Conflict and cooperation in management
260
_a
USA
_b
Harward college
_c
1963
650
_a
Management
942
_c
BK
999
_c
37223
_d
37223